000 01016nam a22002291a 4500
999 _c19116
_d19116
001 19116
003 OSt
005 20260204212438.0
008 190318s2019||||dr ||||||b||||||||||spa||
090 _aCON 2018 D65
100 1 _aDomínguez, Awilda
_esustentante
245 1 _aCosteo variable de las empresas procesadoras de harina de la provincia Sánchez Ramírez/Awilda Domínguez, Orkidis Samira Acosta, Ana Yolania Peralta ; asesor Juan Francisco Núñez
260 _aCotuí, República Dominicana :
_bUTECO,
_c2018
300 _a44 hojas
502 _aTrabajo de grado (Licenciatura en contabilidad)--Universidad Tecnológica del Cibao Oriental, 2018.
504 _aincluye referencia bibliográfica e índice
650 4 _aCosteo variable de las empresas
700 1 _aPeralta, Ana Yolania
_esustentante
700 1 _aNúñez, Juan Francisco
_easesor
830 _aTrabajo de grado (Licenciatura en contabilidad)--Universidad Tecnológica del Cibao Oriental, 1992.
942 _2LC
_cTH